Dealing with dragons : The enchanted forest chronicles

Αποθηκεύτηκε σε:
Λεπτομέρειες βιβλιογραφικής εγγραφής
Κύριος συγγραφέας: Wrede, Patricia C.
Μορφή: Βιβλίο
Γλώσσα:Undetermined
Έκδοση: San Diego Magic Carpet Books 2002
Θέματα:
Ετικέτες: Προσθήκη ετικέτας
Δεν υπάρχουν, Καταχωρήστε ετικέτα πρώτοι!
Thư viện lưu trữ: Trung tâm Học liệu Trường Đại học Cần Thơ
LEADER 00522nam a2200193Ia 4500
001 CTU_226469
008 210402s9999 xx 000 0 und d
082 |a 813.54 
082 |b W944 
100 |a Wrede, Patricia C. 
245 0 |a Dealing with dragons : 
245 4 |b The enchanted forest chronicles 
245 0 |c Patricia C. Wrede 
260 |a San Diego 
260 |b Magic Carpet Books 
260 |c 2002 
650 |a Rồng,Dragons 
910 |b nthai 
980 |a Trung tâm Học liệu Trường Đại học Cần Thơ